Cd̤igo General Disciplinario Ley 1952 de 28 de enero de 2019 /

Detalles Bibliográficos
Autor principal: Chavarro Cadena, Jorge Enrique
Otros Autores: Chavarro Moreno, Cindy Lorena
Formato: eBook
Lenguaje:español
Publicado: Bogot:̀ Grupo Editorial Nueva Legislacin̤, 2019
Materias:
Acceso en línea:Acceso restringido

MARC

LEADER 00000nam a22000007a 4500
005 20191015213318.0
007 cr|||| ||||
008 191015s2019 co |||||s|||| 00||0 spa d
020 |a 978-958-525024-6-7 
035 |a 30509 
040 |a vLex 
090 |c 9820  |d 9820 
100 1 |a Chavarro Cadena, Jorge Enrique 
245 1 0 |a Cd̤igo General Disciplinario  |h [Recurso electrn̤ico] :  |b Ley 1952 de 28 de enero de 2019 /  |c Jorge Enrique Chavarro Cadena, Cindy Lorena Chavarro Moreno 
256 |a Servicio en ln̕ea 
260 |a Bogot:̀  |b Grupo Editorial Nueva Legislacin̤,  |c 2019 
300 |a 1 recurso electrn̤ico 
506 1 |a Disponible solo en los productos indicados  |d vLex Global  |d vLex Global (Academic Edition, excluding Law Schools)  |d vLex Global (U.S. Academic Edition, Law Schools)  |d vLex Global (U.S. Academic Edition, excluding Law Schools)  |d vLex Global (Academic Edition, Law Schools) 
650 0 4 |a Derecho Pb︢lico y Administrativo  |z Colombia 
700 1 |a Chavarro Moreno, Cindy Lorena 
740 0 |a vLex Libros (Servicio en ln̕ea) 
856 4 0 |u http://vlex.com/source/codigo-general-disciplinario-ley-1952-28-enero-2019-30509  |z Acceso restringido 
942 |c BOOK 
999 0 |a Public and Administrative Law